000 004010000a22001570004500
003 LK-CoMWRAF
008 230817t ||||| |||| 00| 0 eng d
040 _aLK-CoMWRAF
_dLK-CoMWRAF
_eLK-CoMWRAF
041 _aeng
082 _a800
_bCRY
245 _aModern Crystal Neck Designs
_b
260 _bFashion & Arts Communications
_aDelhi
_c
300 _ap.60
650 _aTraining Materials
942 _cBK
999 _c1313
_d1313